01448nam a2200289 i 450000100060000000300090000600500170001500700030003200800410003502000180007608000440009408000320013824501430017026000770031330000220039049000340041250001660044650400420061265001250065470000420077970000380082171100850085983000420094485200330098699900170101995201220103692625ES-MaACL20230906181022.0t|050408s2003 sp ||||1| spa d a84-95301-82-2 a364.65-054.72:351.83/.84(4-672 UE)(063) a314.15(4-672 UE):314.7(063)00aInmigración y ciudadanía b: perspectivas sociojurídicas / ccoordinadores, José Martínez de Pisón y Joaquín Giró Miranda. aLogroño : bUniversidad de La Rioja, Servicio de Publicaciones,c2003. a159 p. ; c24 cm.1 aColección jurídica ; v20 aPonencias presentadas en las Jornadas sobre "Inmigración y Ciudadanía Europea" celebradas enla Universidad de La Rioja los días 24 y 25 de octubre de 2002. aIncluye referencias bibliográficas.14aEmigración e inmigración-xPolítica gubernamental-zPaíses de la Unión Europea-vCongresos y asambleas.9121921 aMartínez de Pisón, José.9780271 aGiró Miranda, Joaquín.9572602 aJornadas sobre "Inmigración y Ciudadanía Europea" (d2002. cLogroño)98720 aColección jurídica ; v209184258 aES-MaACLjL-29046 bR.135588 c92625d92625 00104070aATENEOMbATENEOMcDEPO2d2008-01-17eSCl0oL-29046p1096698r2023-02-23 00:00:00w2023-02-23yMONOGRAFIA